Cash management practices of selected micro enterprises in Barangay Marcelo Green, Paranaque City (Record no. 367250)
[ view plain ]
| 000 -LEADER | |
|---|---|
| fixed length control field | 00845nam a22002057a 4500 |
| 003 - CONTROL NUMBER IDENTIFIER | |
| control field | 0 |
| 005 - DATE AND TIME OF LATEST TRANSACTION | |
| control field | 20250219154715.0 |
| 008 - FIXED-LENGTH DATA ELEMENTS--GENERAL INFORMATION | |
| fixed length control field | 250219b xxu||||| |||| 00| 0 eng d |
| 050 ## - LIBRARY OF CONGRESS CALL NUMBER | |
| Classification number | HG 4026 |
| Item number | R34 2023 |
| 100 ## - MAIN ENTRY--PERSONAL NAME | |
| Personal name | Rafols, Krishna Ysabelle I. |
| 245 ## - TITLE STATEMENT | |
| Title | Cash management practices of selected micro enterprises in Barangay Marcelo Green, Paranaque City |
| Statement of responsibility, etc | Krishna Ysabelle I. Rafols |
| 260 ## - PUBLICATION, DISTRIBUTION, ETC. (IMPRINT) | |
| Place of publication, distribution, etc | Las Pinas City |
| Name of publisher, distributor, etc | Southville International School and Colleges |
| Date of publication, distribution, etc | c2023 |
| 300 ## - PHYSICAL DESCRIPTION | |
| Extent | vii, 82 pages ; |
| Dimensions | 28cm. |
| 500 ## - GENERAL NOTE | |
| General note | Bachelor of Science in Accountancy. |
| 504 ## - BIBLIOGRAPHY, ETC. NOTE | |
| Bibliography, etc | Includes bibliographical references and appendices. |
| 650 ## - SUBJECT ADDED ENTRY--TOPICAL TERM | |
| Topical term or geographic name as entry element | Cash management—Philippines—Parañaque City. |
| 650 ## - SUBJECT ADDED ENTRY--TOPICAL TERM | |
| Topical term or geographic name as entry element | Microenterprises—Management—Philippines—Parañaque City. |
| 650 ## - SUBJECT ADDED ENTRY--TOPICAL TERM | |
| Topical term or geographic name as entry element | Small business—Finance—Philippines. |
| 942 ## - ADDED ENTRY ELEMENTS (KOHA) | |
| Source of classification or shelving scheme | Library of Congress Classification |
| Koha item type | Theses |
| Withdrawn status | Lost status | Source of classification or shelving scheme | Damaged status | Home library | Current library | Shelving location | Date acquired | Source of acquisition | Sub Shelving location | Total Checkouts | Full call number | Barcode | Date last seen | Price effective from | Koha item type |
|---|---|---|---|---|---|---|---|---|---|---|---|---|---|---|---|
| Library of Congress Classification | College Library | College Library | Theses Section | 02/19/2025 | Donation | HG 4026 R34 2023 | T1456 | 02/19/2025 | 02/19/2025 | Theses | |||||
| Library of Congress Classification | College Library | College Library | Theses Section | 02/19/2025 | Donation | HG 4026 R34 2023 | T1458 | 02/19/2025 | 02/19/2025 | Theses |